Woodsedge / (Запис № 567681)

МАРК-запис
000 -LEADER
fixed length control field 01183pam a2200289 a 4500
001 - CONTROL NUMBER
control field woodsedge00knig
003 - CONTROL NUMBER IDENTIFIER
control field CaSfIA
005 - DATE AND TIME OF LATEST TRANSACTION
control field 20210119123723.0
007 - PHYSICAL DESCRIPTION FIXED FIELD--GENERAL INFORMATION
fixed length control field cr||||
008 - FIXED-LENGTH DATA ELEMENTS--GENERAL INFORMATION
fixed length control field 870218s1987 nyu 000 1 eng
010 ## - LIBRARY OF CONGRESS CONTROL NUMBER
LC control number 87006076
040 ## - CATALOGING SOURCE
Original cataloging agency DLC
Transcribing agency DLC
Modifying agency BTCTA
-- YDXCP
-- CaSfIA
020 ## - INTERNATIONAL STANDARD BOOK NUMBER
International Standard Book Number 0802709567 :
Terms of availability $16.95
020 ## - INTERNATIONAL STANDARD BOOK NUMBER
International Standard Book Number 9780802709561
035 ## - SYSTEM CONTROL NUMBER
System control number (OCoLC)15283520
050 0# - LIBRARY OF CONGRESS CALL NUMBER
Classification number PS3561.N437
Item number W6 1987
082 0# - DEWEY DECIMAL CLASSIFICATION NUMBER
Classification number 813/.54
Edition number 19
100 1# - MAIN ENTRY--PERSONAL NAME
Personal name Knight, Barbara.
245 10 - TITLE STATEMENT
Title Woodsedge /
Medium [electronic resource]
Statement of responsibility, etc Barbara Knight.
260 ## - PUBLICATION, DISTRIBUTION, ETC. (IMPRINT)
Place of publication, distribution, etc New York :
Name of publisher, distributor, etc Walker,
Date of publication, distribution, etc 1987.
300 ## - PHYSICAL DESCRIPTION
Extent 270 p. ;
Dimensions 22 cm.
506 ## - RESTRICTIONS ON ACCESS NOTE
Standardized terminology for access restriction Необхідна авторизація на https://archive.org/ (створення облікового запису безкоштовно)
506 ## - RESTRICTIONS ON ACCESS NOTE
Standardized terminology for access restriction Необхідна авторизація на https://openlibrary.org/ (створення облікового запису безкоштовно)
856 41 - ELECTRONIC LOCATION AND ACCESS
Uniform Resource Identifier <a href="http://www.archive.org/details/woodsedge00knig">http://www.archive.org/details/woodsedge00knig</a>
Public note Free eBook from the Internet Archive
856 42 - ELECTRONIC LOCATION AND ACCESS
Uniform Resource Identifier <a href="http://www.openlibrary.org/books/OL2377669M">http://www.openlibrary.org/books/OL2377669M</a>
Public note Additional information and access via Open Library
942 ## - ADDED ENTRY ELEMENTS (KOHA)
Koha item type ЕКнига

Немає доступних примірників.